Francis Jammes

Gespeichert in:
Bibliographische Detailangaben
1. Verfasser: Mallet, Robert (autor)
Format: Buch
Sprache:Französisch
Veröffentlicht: París Pierre Seghers 1969
Schriftenreihe:Poetes d'aujourd'hui, 20
Schlagworte:
Tags: Tag hinzufügen
Keine Tags, Fügen Sie den ersten Tag hinzu!

MARC

LEADER 00000nam a2200000 a 4500
001 UCY4782
003 CL-VaPUC
005 20220122074356.0
008 950329e19690000FR |||||||||||||||||fre|d
999 |c 232550  |d 232548 
040 |c Pontificia Universidad Católica de Valparaíso 
082 0 4 |a 840.09  |b MAL  |2 21 
100 |a Mallet, Robert  |e autor  |9 333275 
245 1 0 |a Francis Jammes 
260 |a París  |b Pierre Seghers  |c 1969 
300 |a 187 p 
490 0 |a Poetes d'aujourd'hui, 20 
583 |a last modification  |c 19950329 00:00:00  |k Rodrigo Vera 
600 0 |a Jammes, Francis  |d 1868-1938  |9 857795 
650 0 |a Crítica e interpretación   |9 255042 
650 0 |a Bibliografías   |9 257071 
852 |a BIBCUR 
942 |c BK  |2 ddc 
945 |d 19950329 00:00:00  |a mfernand 
952 |0 0  |1 0  |4 0  |6 840_090000000000000_MAL_1969  |7 0  |8 P  |9 237235  |a BIBART  |b BIBART  |d 2019-11-15  |i 3069079  |o 840.09 MAL 1969  |p 3069079  |r 2025-03-13  |w 2019-11-15  |y BK  |k ART 
952 |0 0  |1 0  |4 0  |6 840_090000000000000_MAL_1969  |7 0  |8 P  |9 237236  |a BIBART  |b BIBART  |d 2019-11-15  |i 3074994  |o 840.09 MAL 1969  |p 3074994  |r 2025-03-13  |w 2019-11-15  |y BK  |k ART